History Quiz

Random History or Century Quiz

'T' in History Quiz Stats

 Plays Quiz Updated Feb 4, 2019

Support Sporcle.
Go Orange.
Score 0/20 Timer 05:00
9 Plays Today
Question Answer % Correct
Which 'unsinkable' ship sank at 2.20 a.m on April 15th 1912?Titanic
96.2%
Who, in 1979, became the first female Prime Minister of the UK?Margaret Thatcher
92.6%
Which US state was an independent republic from 1836-46?Texas
92.1%
Who was the Norse god of thunder and lightning?Thor
92.1%
In 1923, which magazine became the first weekly news magazine in the US?TIME
91.3%
Which Himalayan region was incorporated into the People's Republic of China in 1951?Tibet
83.2%
Which Royal House ruled England from 1485-1603?Tudors
80.8%
Which country was formed when Tanganyika and Zanzibar united in 1964?Tanzania
79.1%
What did Mughal emperor Shah Jahan build in memory of his third wife?Taj Mahal
78.2%
Under which pen name is 19th century American author Samuel Clemens better known?Mark Twain
77.7%
Question Answer % Correct
Which Australian island was known as Van Diemen's Land until 1824?Tasmania
76.6%
The tomb of which Egyptian Pharaoh was discovered by Howard Carter in 1922?Tutankhamun
76%
The location of which Homeric city eluded historians for centuries?Troy
69.9%
At which 1805 battle was Admiral Horatio Nelson fatally wounded?Trafalgar
62.5%
Which Russian Marxist revolutionary was exiled from the Soviet Union in 1929?Leon Trotsky
58.3%
Who was President of Yugoslavia from 1953 until his death in 1980?Josip Tito
53.1%
Which 3rd century B.C Chinese collection of sculptures was discovered by local farmers in 1974?Terracotta Army
47.2%
At which 480 B.C battle did a Greek army of around 7,000 contest 100,000 Persians?Thermopylae
40.2%
Which city, capital of the Aztec Empire, was founded on an island in Lake Texcoco in 1325?Tenochtitlan
34.5%
What was the US policy to give foreign aid to prevent nations from falling into the Soviet sphere?Truman Doctrine
22.1%

You're not logged in!

Compare scores with friends on all Sporcle quizzes.
OR
Log In
Forgot?

From the Vault

Jim Carrey Movies By Image

by LTH

Movies 5m
Alrighty then!
Remove Ads.
Support Sporcle.
Get the best of Sporcle when you Go Orange. This ad-free experience offers more features, more stats, and more fun while also helping to support Sporcle. Thank you for becoming a member.

Show Comments

Extras

Top Quizzes Today


Score Distribution

Your Account Isn't Verified!

In order to create a playlist on Sporcle, you need to verify the email address you used during registration. Go to your Sporcle Settings to finish the process.

Report this User

Report this user for behavior that violates our Community Guidelines.

Details: